=LDR 00000nam 2200000 4500 =001 INLIS000000000063011 =005 20231121103748 =035 ##$$a 0010-1123000042 =007 ta =008 231121################g##########0#ind## =020 ##$$a 979-22-4825-0 =082 ##$$a 028.5 =084 ##$$a 028.5 BAR b =100 #$$a Ramayanti =245 1#$$a Barbie : $b The Singing Tree /$c Ramayanti =260 ##$$a Jakarta :$b Gramedia,$c 2009 =300 ##$$a 27 hlm : $b Ilus ; $c 15 cm =990 ##$$a 65646564 =990 ##$$a 21009502